000 00410nam a2200169Ia 4500
003 LK-CoDNM
008 010623t1908 xxu||||| |||| 00| 1 eng d
040 _aLK-CoDNM
_dLK-CoDNM
_eLK-CoDNM
041 _aeng
080 _a6 I.23
100 _aJayetileke, Frederick
245 _aMatara in Lighter Vein
260 _bSridhava press
_aMatara
_c1908
300 _b288p., 16 cm
650 _aCities
942 _cBK
999 _c86709
_d86709